• 首页
  • 本馆介绍
  • 公告通知
  • 最新文献
  • 馆藏检索
  • 电子资源
  • 读者导购
  • 参考咨询
  • 我的图书馆
  • 登录
  • 详细信息显示
  • 放入我的书架
  • 预约/预借图书
  • 作者相关作品
  • 分类相关作品
  • 丛书相关作品
  • 出版社相关作品

书目信息

  • 表格格式
  • 工作单格式
  • 卡片格式
题名:
家电维修技术精华丛书
    
 
作者: 廖汇芳 主编
分册:  
出版信息: 北京   电子工业出版社  1992.1
页数: 391页
开本: 20cm
丛书名:
单 册:
中图分类: T-51
科图分类:
主题词: 工业技术
电子资源:
ISBN:
000 00559nam0 2200193 45
001 0312221749
005 20031222170904.1
010    @dCNY7.40
100    @a20031222d1992 km y0chiy0120 ea
101    @achi
105    @a z 000yy
200 1  @a家电维修技术精华丛书@AJia Dian Wei Xiu Ji Shu Jing Hua Cong Shu@f廖汇芳主编@FLiao Hui Fang Zhu Bian@e录象机 摄象机
210    @a北京@c电子工业出版社@d1992.1
215    @a391页@d20cm
606 0  @a工业技术
690    @aT-51@v3
701 0  @a廖汇芳@4主编
801    @aCN@bTSTCL@c20031222
905    @a213230@dT-51@e73:5
    
    家电维修技术精华丛书/廖汇芳主编:录象机 摄象机.-北京:电子工业出版社,1992.1
    391页;20cm
    
    
    ISBN :CNY7.40
    
●
相关链接 在E读中查询图书 在五车中查询图书 在当当中查询图书 在豆瓣中查询图书


正题名:家电维修技术精华丛书     索取号:T-51/73:5         预约/预借

序号 登录号 条形码 馆藏地/架位号 状态 备注
1 0243702   202452247   第二样本阅览室/ [索取号:T-51/73:5] 在馆    
唐山师范学院图书馆 欢迎您!
大连网信软件有限公司© 版权所有